Análisis sociolingüístico sobre el tabú sexual en el español de Costa Rica
Đã lưu trong:
| Tác giả chính: | |
|---|---|
| Định dạng: | Sách |
| Ngôn ngữ: | Undetermined |
| Được phát hành: |
Bergen, Noruega
University of Bergen
2008
|
| Những chủ đề: | |
| Các nhãn: |
Thêm thẻ
Không có thẻ, Là người đầu tiên thẻ bản ghi này!
|
MARC
| LEADER | 00000nam a2200000Ia 4500 | ||
|---|---|---|---|
| 008 | 170316s9999 xx 000 0 und d | ||
| 090 | |a 410 C-1a | ||
| 100 | |a Calvo Shadid, Annette | ||
| 245 | |a Análisis sociolingüístico sobre el tabú sexual en el español de Costa Rica | ||
| 260 | |a Bergen, Noruega | ||
| 260 | |b University of Bergen | ||
| 260 | |c 2008 | ||
| 300 | |a 365 páginas | ||
| 650 | |a LINGÜÍSTICA | ||
| 650 | |a TRABAJO FINAL DE GRADUACIÓN DOCTORAL PARA OPTAR POR EL GRADO DE DR. PHILOSOPHIAE | ||
| 650 | |a ANÁLISIS SOCIOLINGÜÍSTICO SOBRE EL TABÚ SEXUAL - ESPAÑOL COSTA RICA | ||
| 650 | |a LÉXICO DE CONNOTACIÓN SEXUAL - COSTA RICA | ||
| 650 | |a TABÚ LINGÜÍSTICO | ||
| 650 | |a ESTUDIOS SOCIOLINGÜÍSTICOS DEL TABÚ | ||
| 999 | |c 18279 |d 18279 | ||
| 040 | |a cru BVZT | ||
| 942 | |c 15 D |h 410 C-1a |2 z | ||
